[Event "North American Open 2014"]
[Site "Las Vegas"]
[Date "2014.12.28"]
[Round "5.8"]
[White "De Guzman, Ricardo"]
[Black "Wang, Chen"]
[Result "1/2-1/2"]
[WhiteElo "2386"]
[BlackElo "2473"]
[PlyCount "118"]
[EventDate "2014.12.??"]
[EventType "swiss"]
[EventRounds "9"]
[EventCountry "USA"]
[Source "MonRoi"]

1. d4 d5 2. Nf3 Nf6 3. Bg5 e6 4. Nbd2 Be7 5. c3 Nbd7 6. e3 O-O 7. Bd3 b6 8. O-O
Bb7 9. Qb1 h6 10. Bh4 a5 11. a4 c5 12. Rd1 Ne8 13. Bg3 Bd6 14. Ne5 Qc7 15. Ndf3
Nef6 16. Bb5 Rfd8 17. Nxd7 Nxd7 18. Qc2 Nf6 19. Bxd6 Qxd6 20. Ne5 Qc7 21. Qe2
Ne4 22. Bd3 f6 23. Ng6 Qf7 24. Bxe4 dxe4 25. Qg4 Kh7 26. Nf4 f5 27. Qg3 g5 28.
Ne2 Ba6 29. Rd2 Rd7 30. Rad1 Rad8 31. f4 exf3 32. Qxf3 e5 33. Ng3 f4 34. exf4
exf4 35. Qe4+ Qg6 36. Qxg6+ Kxg6 37. Ne4 cxd4 38. Rxd4 Rxd4 39. cxd4 Kf5 40.
Nc3 Bc4 41. Kf2 h5 42. g3 fxg3+ 43. Kxg3 h4+ 44. Kf2 g4 45. d5 Ke5 46. Re1+ Kf5
47. Re4 Bxd5 48. Rd4 g3+ 49. hxg3 hxg3+ 50. Kxg3 Ke5 51. Rh4 Rg8+ 52. Kf2 Ba8
53. Ke3 Rg3+ 54. Kd2 Rg2+ 55. Kc1 Kd6 56. Kb1 Bc6 57. Ka2 Rg1 58. Rh6+ Kc7 59.
Rh4 Kd6 1/2-1/2

[Event "North American Open 2014"]
[Site "Las Vegas"]
[Date "2014.12.28"]
[Round "5.9"]
[White "Bora, Safal"]
[Black "Huang, Qian"]
[Result "1/2-1/2"]
[WhiteElo "2379"]
[BlackElo "2464"]
[PlyCount "82"]
[EventDate "2014.12.??"]
[EventType "swiss"]
[EventRounds "9"]
[EventCountry "USA"]
[Source "MonRoi"]

1. Nf3 d6 2. d4 Nd7 3. c4 e5 4. Nc3 Ne7 5. e4 g6 6. dxe5 dxe5 7. Bg5 Bg7 8. Qd2
h6 9. Be3 Nf8 10. Qxd8+ Kxd8 11. O-O-O+ Bd7 12. c5 Ne6 13. Bc4 Ke8 14. Rd2 c6
15. Rhd1 Nf8 16. b4 f5 17. g3 Be6 18. Be2 g5 19. exf5 Nxf5 20. Ne1 Ke7 21. Nc2
Nh7 22. g4 Nh4 23. h3 Nf6 24. b5 Nd5 25. Ne4 Ng2 26. a3 Ngf4 27. Bf1 Rhd8 28.
Nb4 Nxb4 29. axb4 Rxd2 30. Rxd2 Nd5 31. bxc6 bxc6 32. b5 cxb5 33. Bxb5 Rb8 34.
Bc4 Nxe3 35. Bxe6 Kxe6 36. fxe3 Bf8 37. Ra2 Rc8 38. Rxa7 Bxc5 39. Nxc5+ Rxc5+
40. Kd2 Kd5 41. Kd3 e4+ 1/2-1/2

[Event "North American Open 2014"]
[Site "Las Vegas"]
[Date "2014.12.28"]
[Round "5.10"]
[White "Shetty, Atulya"]
[Black "Akobian, Varuzhan"]
[Result "1/2-1/2"]
[WhiteElo "2307"]
[BlackElo "2637"]
[PlyCount "124"]
[EventDate "2014.12.??"]
[EventType "swiss"]
[EventRounds "9"]
[EventCountry "USA"]
[Source "MonRoi"]

1. c4 e5 2. g3 Nc6 3. Nc3 Nf6 4. Bg2 Bc5 5. Nf3 d6 6. d3 h6 7. O-O O-O 8. a3 a6
9. b4 Ba7 10. Bb2 Rb8 11. Rc1 Be6 12. e3 Qd7 13. Re1 Rfe8 14. Qb3 Nh7 15. Nd5
Ne7 16. Nxe7+ Rxe7 17. Qc3 Bh3 18. c5 Bxg2 19. Kxg2 Qe6 20. a4 f5 21. Qc4 Kf7
22. Qxe6+ Kxe6 23. d4 e4 24. d5+ Kf7 25. Nd4 g6 26. cxd6 cxd6 27. Ne6 Nf8 28.
Nxf8 Rxf8 29. Rc4 g5 30. Re2 Kg6 31. Bc1 Rff7 32. Rec2 Re5 33. Rc7 Bb6 34. Rc8
a5 35. bxa5 Bxa5 36. Bb2 Rxd5 37. Bd4 Bb4 38. R2c4 Ba3 39. R4c7 Rxc7 40. Rxc7
Bc5 41. Rg7+ Kh5 42. Bxc5 dxc5 43. Rxb7 Rd2 44. Rb3 f4 45. gxf4 gxf4 46. exf4
Kg4 47. Rc3 Kxf4 48. Rxc5 e3 49. Rc4+ Kf5 50. Kf3 Rxf2+ 51. Kxe3 Rxh2 52. Kf3
Rh3+ 53. Kg2 Ra3 54. Rb4 h5 55. Kh2 Kg5 56. Kg2 Ra2+ 57. Kh3 Ra3+ 58. Kg2 h4
59. Kh2 h3 60. Rc4 Kf5 61. Rh4 Ke6 62. Rxh3 Rxa4 1/2-1/2

[Event "North American Open 2014"]
[Site "Las Vegas"]
[Date "2014.12.28"]
[Round "5.11"]
[White "Gulamali, Kazim"]
[Black "Batchuluun, Tsegme"]
[Result "1/2-1/2"]
[WhiteElo "2315"]
[BlackElo "2525"]
[PlyCount "97"]
[EventDate "2014.12.??"]
[EventType "swiss"]
[EventRounds "9"]
[EventCountry "USA"]
[Source "MonRoi"]

1. e4 e6 2. d4 d5 3. e5 c5 4. c3 Nc6 5. Nf3 Qb6 6. a3 Nh6 7. b4 cxd4 8. cxd4
Nf5 9. Bb2 Bd7 10. g4 Nfe7 11. Nc3 Ng6 12. Na4 Qd8 13. Nc5 Bxc5 14. dxc5 Qc7
15. Qe2 h5 16. g5 Nce7 17. Qe3 Nf5 18. Qb3 d4 19. Bh3 Nfh4 20. Nxd4 Qxe5+ 21.
Ne2 Nf3+ 22. Qxf3 Qxb2 23. O-O Bc6 24. Qe3 Nh4 25. Rab1 Qe5 26. Qxe5 Nf3+ 27.
Kh1 Nxe5+ 28. Bg2 Ke7 29. Nd4 Bxg2+ 30. Kxg2 Rhd8 31. Rbd1 Nc4 32. c6 Rd6 33.
Rfe1 Kf8 34. b5 bxc6 35. bxc6 Rc8 36. f4 g6 37. Kf3 Nxa3 38. Ke4 a6 39. Rd3 Nb5
40. Nxb5 Rxd3 41. Kxd3 axb5 42. Rb1 Rxc6 43. Rxb5 Rc1 44. Rb8+ Kg7 45. Rb2 Re1
46. Kd4 Ra1 47. Ke4 Ra3 48. Rc2 h4 49. Rb2 1/2-1/2

[Event "North American Open 2014"]
[Site "Las Vegas"]
[Date "2014.12.28"]
[Round "5.12"]
[White "Molner, Mackenzie"]
[Black "Tang, Andrew"]
[Result "1-0"]
[WhiteElo "2522"]
[BlackElo "2326"]
[PlyCount "74"]
[EventDate "2014.12.??"]
[EventType "swiss"]
[EventRounds "9"]
[EventCountry "USA"]
[Source "MonRoi"]

1. e4 e5 2. Nf3 Nc6 3. Bb5 a6 4. Ba4 Nf6 5. O-O Be7 6. Re1 b5 7. Bb3 d6 8. c3
O-O 9. h3 Bb7 10. d4 Re8 11. Nbd2 Bf8 12. a3 g6 13. Bc2 Bg7 14. b4 Nh5 15. Nb3
Nf4 16. Bxf4 exf4 17. a4 Ne7 18. Qd2 Bh6 19. Na5 Qb8 20. d5 c6 21. Bb3 cxd5 22.
exd5 Qc7 23. Nd4 Bg7 24. axb5 Bxd4 25. Qxd4 Nf5 26. Rxe8+ Rxe8 27. Qc4 Qxc4 28.
Bxc4 axb5 29. Bxb5 Ra8 30. Bc6 Bxc6 31. dxc6 Ne7 32. Rd1 d5 33. c4 dxc4 34. c7
Kg7 35. Rd8 Rc8 36. Rxc8 Nxc8 37. Nxc4 Kf6 1-0

[Event "North American Open 2014"]
[Site "Las Vegas"]
[Date "2014.12.28"]
[Round "5.13"]
[White "Sevillano, Enrico"]
[Black "Yanayt, Eugene"]
[Result "1-0"]
[WhiteElo "2465"]
[BlackElo "2247"]
[PlyCount "49"]
[EventDate "2014.12.??"]
[EventType "swiss"]
[EventRounds "9"]
[EventCountry "USA"]
[Source "MonRoi"]

1. e4 c5 2. c3 e5 3. Nf3 Nc6 4. Bc4 Nf6 5. d3 Be7 6. O-O Qc7 7. a4 O-O 8. Na3
d6 9. Qe2 Na5 10. Ba2 Be6 11. b4 Nb3 12. Bxb3 Bxb3 13. Nb5 Qd7 14. bxc5 Bxa4
15. cxd6 Bd8 16. Rxa4 Qxb5 17. Rb4 Qc5 18. Rb3 Qxd6 19. Ba3 Qe6 20. Rxb7 Re8
21. Ng5 Qa6 22. Qb2 Qxd3 23. Qb3 Nd5 24. Nxf7 Qxe4 25. Nd6 1-0

[Event "North American Open 2014"]
[Site "Las Vegas"]
[Date "2014.12.28"]
[Round "5.15"]
[White "Arenas, David"]
[Black "Krishnan, Varun"]
[Result "1/2-1/2"]
[WhiteElo "2435"]
[BlackElo "2276"]
[PlyCount "34"]
[EventDate "2014.12.??"]
[EventType "swiss"]
[EventRounds "9"]
[EventCountry "USA"]
[Source "MonRoi"]

1. e4 c5 2. c3 d5 3. exd5 Qxd5 4. d4 Nf6 5. Nf3 e6 6. Na3 Nc6 7. Nc2 Be7 8. Bd3
cxd4 9. cxd4 Nb4 10. Nxb4 Bxb4+ 11. Bd2 Bxd2+ 12. Qxd2 O-O 13. O-O b6 14. Rfc1
Bb7 15. Rc7 Rab8 16. Rac1 Qxa2 17. Bc4 Qa5 1/2-1/2

[Event "North American Open 2014"]
[Site "Las Vegas"]
[Date "2014.12.28"]
[Round "5.16"]
[White "Sheng, Joshua"]
[Black "Viswanadha, Kesav"]
[Result "1-0"]
[WhiteElo "2256"]
[BlackElo "2404"]
[PlyCount "67"]
[EventDate "2014.12.??"]
[EventType "swiss"]
[EventRounds "9"]
[EventCountry "USA"]
[Source "MonRoi"]

1. e4 e5 2. Nf3 Nc6 3. Bc4 Bc5 4. O-O Nf6 5. d3 d6 6. c3 O-O 7. Bb3 a6 8. Be3
Ba7 9. Nbd2 h6 10. h3 Re8 11. Re1 Be6 12. Bxa7 Rxa7 13. d4 Bxb3 14. Qxb3 Qc8
15. Rad1 a5 16. a3 Ra6 17. Qc2 a4 18. Nc4 b5 19. dxe5 Nxe5 20. Nfxe5 dxe5 21.
Ne3 Nh5 22. Kh2 Nf4 23. Nd5 Ng6 24. Re2 c6 25. Ne3 Nf4 26. Red2 g6 27. Rd7 h5
28. Qd2 Ne6 29. Nf5 gxf5 30. exf5 c5 31. fxe6 Raxe6 32. Rd8 Rxd8 33. Qg5+ Rg6
34. Rxd8+ 1-0

[Event "North American Open 2014"]
[Site "Las Vegas"]
[Date "2014.12.28"]
[Round "5.17"]
[White "Ruiz, Joshua"]
[Black "Hilby, Craig"]
[Result "1-0"]
[WhiteElo "2377"]
[BlackElo "2219"]
[PlyCount "71"]
[EventDate "2014.12.??"]
[EventType "swiss"]
[EventRounds "9"]
[EventCountry "USA"]
[Source "MonRoi"]

1. e4 e5 2. Nf3 Nc6 3. d4 exd4 4. Nxd4 Bc5 5. Nb3 Bb4+ 6. c3 Be7 7. c4 Nf6 8.
Nc3 O-O 9. Bd3 Ne5 10. O-O Re8 11. f4 Nxd3 12. Qxd3 d6 13. Nd4 Bf8 14. b3 g6
15. Bb2 Bg7 16. Rae1 c6 17. Kh1 Qc7 18. Ba3 Nd7 19. Qd2 b6 20. Nf3 Nc5 21. b4
Nb7 22. Bb2 Be6 23. Qd3 Rad8 24. f5 Bc8 25. Ng5 Qe7 26. f6 Bxf6 27. Nd5 Bxb2
28. Nxe7+ Rxe7 29. c5 dxc5 30. Qb3 Bg7 31. Rxf7 c4 32. Qf3 Re5 33. Rxb7 Bxb7
34. Qf7+ Kh8 35. Qxb7 Rxg5 36. Qe7 1-0

[Event "North American Open 2014"]
[Site "Las Vegas"]
[Date "2014.12.28"]
[Round "5.18"]
[White "Adamson, Robby"]
[Black "Banawa, Joel"]
[Result "1-0"]
[WhiteElo "2249"]
[BlackElo "2361"]
[PlyCount "79"]
[EventDate "2014.12.??"]
[EventType "swiss"]
[EventRounds "9"]
[EventCountry "USA"]
[Source "MonRoi"]

1. e4 e6 2. d4 d5 3. Nc3 Nc6 4. Nf3 Nf6 5. exd5 exd5 6. Bb5 Be7 7. Ne5 Bd7 8.
Bxc6 bxc6 9. O-O O-O 10. Bg5 h6 11. Bh4 Rb8 12. Rb1 Be8 13. Re1 c5 14. Nf3 c6
15. a3 Rb7 16. Qd2 c4 17. Re2 Qc8 18. Rbe1 Bd8 19. Qc1 Bd7 20. Ne5 Bf5 21. Na4
Kh7 22. Nc5 Rb8 23. f3 Bb6 24. g4 Bxc5 25. dxc5 Be6 26. c3 Nd7 27. Bf2 Nxe5 28.
Rxe5 Qd7 29. Bd4 Rbe8 30. Qe3 Rb8 31. Re2 Rfe8 32. Qf4 Rb7 33. h3 Reb8 34. Qc1
Rb5 35. f4 Qc7 36. f5 Bd7 37. R5e3 Qf4 38. Be5 Qg5 39. Bxb8 Rxb8 40. Qc2 1-0

[Event "North American Open 2014"]
[Site "Las Vegas"]
[Date "2014.12.28"]
[Round "5.21"]
[White "Shen, Yang"]
[Black "Kretchetov, Alexandre"]
[Result "0-1"]
[WhiteElo "2475"]
[BlackElo "2264"]
[PlyCount "96"]
[EventDate "2014.12.??"]
[EventType "swiss"]
[EventRounds "9"]
[EventCountry "USA"]
[Source "MonRoi"]

1. d4 d5 2. Nf3 Nf6 3. c4 c6 4. e3 g6 5. Nc3 Bg7 6. Be2 O-O 7. O-O e6 8. Qc2 b6
9. b4 Nbd7 10. Rd1 Bb7 11. Rb1 Qc7 12. Bb2 Rfc8 13. c5 a5 14. cxb6 Nxb6 15.
bxa5 Rxa5 16. Nd2 Nfd7 17. Rdc1 Bf8 18. Ba1 Qd8 19. Nb3 Ra7 20. a4 Ba6 21. Bf3
Nc4 22. Qa2 Na3 23. Rb2 Nc4 24. Rbc2 Na3 25. Rd2 Bc4 26. Be2 Bb4 27. Bxc4 Nxc4
28. Rdd1 Rca8 29. Nc5 Nxc5 30. dxc5 Bxc3 31. Bxc3 Rxa4 32. Qe2 Qg5 33. Rb1 Qf5
34. Rb7 e5 35. Rc7 Qe6 36. Rb1 Ra3 37. Qe1 R3a7 38. Rxa7 Rxa7 39. f4 f6 40.
fxe5 fxe5 41. Qh4 Rf7 42. Qh6 Qf5 43. Rb8+ Rf8 44. Rxf8+ Qxf8 45. Qg5 Qxc5 46.
Kf2 Qd6 47. Qg4 Qf6+ 48. Ke2 Qf5 0-1

[Event "North American Open 2014"]
[Site "Las Vegas"]
[Date "2014.12.28"]
[Round "5.22"]
[White "Winer, Steven"]
[Black "Colas, Joshua"]
[Result "1/2-1/2"]
[WhiteElo "2380"]
[BlackElo "2220"]
[PlyCount "149"]
[EventDate "2014.12.??"]
[EventType "swiss"]
[EventRounds "9"]
[EventCountry "USA"]
[Source "MonRoi"]

1. Nf3 Nf6 2. c4 e6 3. Nc3 d5 4. d4 c6 5. Bg5 Be7 6. e3 Nbd7 7. cxd5 exd5 8.
Bd3 O-O 9. Qc2 h6 10. Bf4 Re8 11. O-O Nf8 12. h3 Ne6 13. Be5 b6 14. Rab1 Bb7
15. b4 Bd6 16. Rfe1 Bxe5 17. Nxe5 Re7 18. Qa4 Qd6 19. Ba6 Bxa6 20. Qxa6 Rc7 21.
Rec1 Nd7 22. Nxd7 Qxd7 23. Na4 Rac8 24. Rc2 f5 25. f4 Nd8 26. a3 Nf7 27. Nb2
Qe7 28. Qd3 Nd6 29. Rbc1 b5 30. Rc3 Qe6 31. Qe2 Nc4 32. Nd3 Qxe3+ 33. Qxe3 Nxe3
34. a4 Nc4 35. Ra1 bxa4 36. Rxa4 Nd6 37. Ne5 Nb5 38. Rd3 Rb8 39. Kf2 Nd6 40.
Rda3 Rbb7 41. Ke3 Nb5 42. Ra1 Rb6 43. Kd3 Nd6 44. Rxa7 Rxa7 45. Rxa7 Rxb4 46.
Nxc6 Rb3+ 47. Ke2 Kh7 48. Ne7 Nb5 49. Rd7 Nxd4+ 50. Kf2 Rb2+ 51. Kf1 Rb1+ 52.
Kf2 Ne6 53. Nxf5 Nxf4 54. Rxg7+ Kh8 55. Rg4 Rb2+ 56. Kg1 Ne2+ 57. Kf1 h5 58.
Rh4 Kh7 59. Rxh5+ Kg6 60. g4 d4 61. h4 d3 62. Rh6+ Kf7 63. Rd6 Nf4 64. g5 d2
65. Ne3 Ke7 66. Rd4 Ne6 67. Re4 Kf7 68. Ke2 Nc5 69. Rf4+ Kg8 70. Nc4 Ra2 71.
Rd4 Ra4 72. h5 Ne6 73. Rg4 Kh7 74. g6+ Kh6 75. Kxd2 1/2-1/2

[Event "North American Open 2014"]
[Site "Las Vegas"]
[Date "2014.12.28"]
[Round "5.23"]
[White "Velikanov, Alexander"]
[Black "Li, Ruifeng"]
[Result "1-0"]
[WhiteElo "2234"]
[BlackElo "2351"]
[PlyCount "109"]
[EventDate "2014.12.??"]
[EventType "swiss"]
[EventRounds "9"]
[EventCountry "USA"]
[Source "MonRoi"]

1. d4 d6 2. e4 g6 3. Nc3 Bg7 4. h3 Nd7 5. g4 c6 6. Bg2 Qc7 7. a4 e5 8. Nge2 Ne7
9. Bg5 f6 10. Be3 O-O 11. Ng3 Nb6 12. b3 exd4 13. Bxd4 c5 14. Nb5 Qc6 15. Bb2
a6 16. Na3 f5 17. Bxg7 Kxg7 18. gxf5 Nxf5 19. exf5 Qxg2 20. Qxd6 Re8+ 21. Kd1
Nd5 22. Kc1 Bxf5 23. Nxf5+ gxf5 24. Kb2 Kh8 25. Rhg1 Qe4 26. Rad1 Rad8 27. Qxc5
Qe6 28. Qd4+ Qf6 29. a5 Qxd4+ 30. Rxd4 Nf6 31. Rf4 Rd5 32. Nc4 Re4 33. Rxe4
Nxe4 34. f3 Nd6 35. Nxd6 Rxd6 36. Re1 Rd7 37. Re5 Rf7 38. c4 Kg7 39. Re6 Rd7
40. Kc3 Kf7 41. Rh6 Kg7 42. Rb6 Kf7 43. c5 Re7 44. Kc4 f4 45. b4 Re3 46. Rxb7+
Ke6 47. Rb6+ Kd7 48. Rxa6 Rxf3 49. Rd6+ Kc7 50. Rf6 Rf1 51. Rf7+ Kb8 52. Kb5 f3
53. Kb6 Kc8 54. c6 Kd8 55. c7+ 1-0

[Event "North American Open 2014"]
[Site "Las Vegas"]
[Date "2014.12.28"]
[Round "5.24"]
[White "Kavutskiy, Kostya"]
[Black "Wang, Qibiao"]
[Result "1-0"]
[WhiteElo "2332"]
[BlackElo "2218"]
[PlyCount "115"]
[EventDate "2014.12.??"]
[EventType "swiss"]
[EventRounds "9"]
[EventCountry "USA"]
[Source "MonRoi"]

1. d4 Nf6 2. c4 g6 3. f3 Bg7 4. e4 d6 5. Ne2 O-O 6. Nbc3 c5 7. d5 e6 8. Ng3
exd5 9. cxd5 a6 10. a4 Nbd7 11. Be2 h5 12. Bg5 Qb6 13. Qd2 Nh7 14. a5 Qc7 15.
Bh6 b5 16. axb6 Qxb6 17. Bxg7 Kxg7 18. O-O a5 19. Rf2 Ba6 20. f4 Bxe2 21. Qxe2
Nhf6 22. Nf1 Rfe8 23. Qf3 a4 24. Ne3 Qb4 25. Nc2 Qb3 26. Re1 Rab8 27. Na3 Qb4
28. Rfe2 Ng4 29. h3 Nh6 30. Qd3 Nb6 31. Ncb5 Rbd8 32. Na7 Rd7 33. Nc6 Qb3 34.
Qc3+ Qxc3 35. bxc3 f5 36. c4 Rxe4 37. Rxe4 fxe4 38. Rxe4 Rf7 39. Nd8 Rf6 40.
Re7+ Nf7 41. Ne6+ Kh6 42. Rb7 Nc8 43. Rb8 Ne7 44. Re8 Nf5 45. g4 hxg4 46. hxg4
g5 47. fxg5+ Nxg5 48. Rh8+ Kg6 49. gxf5+ Kxf5 50. Rh5 Rg6 51. Rxg5+ Rxg5+ 52.
Nxg5 Kxg5 53. Kf2 Kf4 54. Ke2 Ke4 55. Nc2 Kf4 56. Kd3 Kf3 57. Kc3 Ke4 58. Na3
1-0

[Event "North American Open 2014"]
[Site "Las Vegas"]
[Date "2014.12.28"]
[Round "5.25"]
[White "Vittorino, Carlo"]
[Black "Inapuri, Ramya"]
[Result "0-1"]
[WhiteElo "2322"]
[BlackElo "2107"]
[PlyCount "80"]
[EventDate "2014.12.??"]
[EventType "swiss"]
[EventRounds "9"]
[EventCountry "USA"]
[Source "MonRoi"]

1. d4 d5 2. c4 e6 3. Nc3 c6 4. e3 Nf6 5. Nf3 Be7 6. Bd3 dxc4 7. Bxc4 b5 8. Bd3
Bb7 9. O-O a6 10. e4 h6 11. Qe2 b4 12. Na4 Nbd7 13. Be3 Qa5 14. Qc2 Ng4 15. e5
c5 16. Be4 Nxe3 17. fxe3 Bxe4 18. Qxe4 O-O 19. b3 c4 20. Qc6 Rac8 21. Qe4 c3
22. Rf2 Qb5 23. Raf1 Qc6 24. Qxc6 Rxc6 25. e4 Nb6 26. Nxb6 Rxb6 27. Rc2 Rd8 28.
a4 bxa3 29. Rxc3 Rdb8 30. Rc7 R6b7 31. Rc6 Rxb3 32. Rxa6 Rb2 33. Ra7 Bf8 34.
Rf2 Rc8 35. g3 Rcc2 36. Rxc2 Rxc2 37. Ne1 Rb2 38. Nd3 Rd2 39. Nc5 Bxc5 40. dxc5
a2 0-1

[Event "North American Open 2014"]
[Site "Las Vegas"]
[Date "2014.12.28"]
[Round "5.27"]
[White "Wheeler, Cameron"]
[Black "Ebrahim-shirazi, Behrooz"]
[Result "1-0"]
[WhiteElo "2284"]
[BlackElo "2056"]
[PlyCount "69"]
[EventDate "2014.12.??"]
[EventType "swiss"]
[EventRounds "9"]
[EventCountry "USA"]
[Source "MonRoi"]

1. c4 e5 2. g3 Nc6 3. Bg2 Nf6 4. Nc3 Bb4 5. Nd5 Bc5 6. e3 Nxd5 7. cxd5 Ne7 8.
Ne2 d6 9. O-O Bb6 10. d4 f6 11. e4 O-O 12. Be3 f5 13. Qd2 Ng6 14. Rac1 fxe4 15.
Bxe4 Bf5 16. Qc2 Qd7 17. dxe5 Bxe4 18. Qxe4 dxe5 19. Bxb6 axb6 20. Qc4 Rf7 21.
Nc3 Raf8 22. Ne4 h6 23. d6 c6 24. h4 b5 25. Qb3 Qg4 26. f3 Qf5 27. Rcd1 Rd8 28.
d7 Kh7 29. h5 Nf8 30. Nd6 Qh3 31. Qc2+ Kg8 32. Nxf7 Qxg3+ 33. Qg2 Qxg2+ 34.
Kxg2 Kxf7 35. f4 1-0

[Event "North American Open 2014"]
[Site "Las Vegas"]
[Date "2014.12.28"]
[Round "5.34"]
[White "Panchanatham, Vignesh"]
[Black "Sinha, Sahil"]
[Result "1/2-1/2"]
[WhiteElo "2238"]
[BlackElo "2063"]
[PlyCount "130"]
[EventDate "2014.12.??"]
[EventType "swiss"]
[EventRounds "9"]
[EventCountry "USA"]
[Source "MonRoi"]

1. d4 Nf6 2. c4 e6 3. Nf3 Bb4+ 4. Bd2 a5 5. Nc3 b6 6. g3 Bb7 7. Bg2 O-O 8. O-O
d5 9. Ne5 Nbd7 10. Bg5 Be7 11. Qa4 Nxe5 12. dxe5 Ne4 13. Nxe4 Bxg5 14. Nxg5
Qxg5 15. f4 Qe7 16. cxd5 Bxd5 17. Rac1 c5 18. Rfd1 Rfd8 19. Qb5 Qc7 20. Bxd5
exd5 21. Rd3 a4 22. Rcd1 Qb7 23. Qc4 d4 24. e3 Qd5 25. Qxd5 Rxd5 26. exd4 Rad8
27. Kf2 cxd4 28. Kf3 Kf8 29. Ke4 Rb5 30. R1d2 Rb4 31. a3 Rc4 32. h4 Rc5 33.
Rxd4 Ra8 34. Rd8+ Rxd8 35. Rxd8+ Ke7 36. Rd4 b5 37. Rd5 Rc4+ 38. Kd3 Rc1 39.
Rxb5 Rg1 40. Rb7+ Ke8 41. Rb4 Rxg3+ 42. Ke4 Rg2 43. Rxa4 Re2+ 44. Kf5 Rxb2 45.
Ra8+ Ke7 46. Ra7+ Kf8 47. a4 h6 48. Ra8+ Ke7 49. h5 Rh2 50. a5 Rxh5+ 51. Kg4
Rh2 52. a6 Ra2 53. a7 Ra4 54. Kf3 Ra3+ 55. Ke4 h5 56. f5 h4 57. Kf4 h3 58. Kg5
h2 59. f6+ gxf6+ 60. exf6+ Kd7 61. Rh8 Ra5+ 62. Kg4 Rxa7 63. Rxh2 Ke6 64. Rf2
Ra4+ 65. Kg5 Ra5+ 1/2-1/2

[Event "North American Open 2014"]
[Site "Las Vegas"]
[Date "2014.12.28"]
[Round "6.2"]
[White "Bu, Xiangzhi"]
[Black "Becerra, Julio"]
[Result "1-0"]
[WhiteElo "2691"]
[BlackElo "2546"]
[PlyCount "105"]
[EventDate "2014.12.??"]
[EventType "swiss"]
[EventRounds "9"]
[EventCountry "USA"]
[Source "MonRoi"]

1. Nf3 Nf6 2. c4 c6 3. d4 d5 4. Qc2 dxc4 5. Qxc4 Bf5 6. g3 e6 7. Bg2 Nbd7 8.
O-O Be7 9. e3 O-O 10. Qe2 h6 11. Nc3 Ne4 12. Nd2 Nxc3 13. bxc3 e5 14. e4 Be6
15. Nc4 exd4 16. cxd4 Nb6 17. Nxb6 axb6 18. d5 cxd5 19. exd5 Bd7 20. Be3 Bc5
21. Bxc5 bxc5 22. d6 Qf6 23. Rad1 Be6 24. Qc2 Qe5 25. a4 c4 26. Bxb7 Ra7 27.
Bc6 Rd8 28. Rfe1 Qc5 29. Bb5 Rxd6 30. Rxd6 Qxd6 31. Bxc4 Rc7 32. Qd3 Qxd3 33.
Bxd3 Rc3 34. Bb5 Ra3 35. f4 g5 36. fxg5 hxg5 37. Re5 g4 38. Kf2 Kf8 39. Re3 Ra1
40. Rd3 Bf5 41. Rc3 Ke7 42. Rc7+ Kf6 43. Ke3 Ke5 44. Rc5+ Kf6 45. Kd4 Rd1+ 46.
Kc3 Rh1 47. a5 Rxh2 48. a6 Be4 49. Kd4 Bf3 50. Rc7 Rh8 51. a7 Ke6 52. Bd7+ Kd6
53. Rc8 1-0

[Event "North American Open 2014"]
[Site "Las Vegas"]
[Date "2014.12.28"]
[Round "6.3"]
[White "Yermolinsky, Alex"]
[Black "Gareyev, Timur"]
[Result "1-0"]
[WhiteElo "2519"]
[BlackElo "2621"]
[PlyCount "120"]
[EventDate "2014.12.??"]
[EventType "swiss"]
[EventRounds "9"]
[EventCountry "USA"]
[Source "MonRoi"]

1. d4 d5 2. c4 e6 3. Nc3 Be7 4. Nf3 Nf6 5. Bf4 O-O 6. e3 Nbd7 7. Be2 dxc4 8.
O-O Nd5 9. Bxc4 Nxf4 10. exf4 c5 11. dxc5 Nxc5 12. Ne5 Qb6 13. Qe2 Bf6 14. Rad1
g6 15. g3 a6 16. a3 Qc7 17. Ba2 b5 18. Rc1 Bxe5 19. fxe5 Bb7 20. Nd5 Bxd5 21.
Bxd5 Rac8 22. b4 Qd7 23. bxc5 exd5 24. Rfd1 Qe6 25. Qe3 Rfd8 26. Qd4 Rc6 27.
Rc3 Qe7 28. Kg2 Rdc8 29. Rdc1 Qe6 30. h3 Rd8 31. g4 Qe7 32. Kg3 Rd7 33. f4 Qe8
34. f5 Qf8 35. Re1 Qe7 36. h4 Rdc7 37. Rec1 Rd7 38. Rd1 Qd8 39. Re1 Re7 40. h5
Re8 41. hxg6 hxg6 42. Rf3 gxf5 43. gxf5 Rh6 44. Rf4 Kh7 45. Rg4 Rg8 46. Rxg8
Qxg8+ 47. Qg4 Qf8 48. Rc1 d4 49. Kf3 Qa8+ 50. Kf4 f6 51. exf6 Qb8+ 52. Kf3 Qf8
53. Qg7+ Qxg7 54. fxg7 d3 55. Ke3 Kxg7 56. c6 Rh3+ 57. Kd2 Rh8 58. Kxd3 Rd8+
59. Ke4 Kf6 60. c7 Rc8 1-0

[Event "North American Open 2014"]
[Site "Las Vegas"]
[Date "2014.12.28"]
[Round "6.4"]
[White "Georgiev, Vladimir"]
[Black "Gallego, Andres"]
[Result "1-0"]
[WhiteElo "2517"]
[BlackElo "2411"]
[PlyCount "79"]
[EventDate "2014.12.??"]
[EventType "swiss"]
[EventRounds "9"]
[EventCountry "USA"]
[Source "MonRoi"]

1. d4 Nf6 2. c4 g6 3. Nc3 d5 4. cxd5 Nxd5 5. e4 Nxc3 6. bxc3 c5 7. Bb5+ Nc6 8.
d5 a6 9. Qa4 Bg7 10. Ne2 Bg4 11. Bxc6+ bxc6 12. f3 Bc8 13. Bf4 O-O 14. Qxc6 Bd7
15. Qxc5 Bb5 16. Qe3 f5 17. O-O Rc8 18. Rad1 fxe4 19. fxe4 Qa5 20. Rf2 Qxa2 21.
Nd4 Qa4 22. Rfd2 Rf7 23. e5 Rcf8 24. g3 g5 25. Bxg5 Rf1+ 26. Rxf1 Rxf1+ 27. Kg2
Bc4 28. Nf3 Rb1 29. g4 Qd7 30. Kg3 Rb5 31. Bh6 Bxh6 32. Qxh6 Rxd5 33. Ng5 e6
34. Rb2 Rb5 35. Rxb5 axb5 36. Qf6 Qa7 37. Qd8+ Kg7 38. Qf6+ Kg8 39. Kh4 Qd7 40.
Ne4 1-0

[Event "North American Open 2014"]
[Site "Las Vegas"]
[Date "2014.12.28"]
[Round "6.5"]
[White "De Guzman, Ricardo"]
[Black "Erenburg, Sergey"]
[Result "1-0"]
[WhiteElo "2386"]
[BlackElo "2601"]
[PlyCount "167"]
[EventDate "2014.12.??"]
[EventType "swiss"]
[EventRounds "9"]
[EventCountry "USA"]
[Source "MonRoi"]

1. d4 d5 2. Nf3 c6 3. Bf4 Nf6 4. Nbd2 Bf5 5. c3 Nbd7 6. e3 e6 7. h3 Be7 8. Nh4
Ne4 9. Nxf5 exf5 10. Bd3 Nf8 11. Qb3 Qb6 12. Ke2 Ne6 13. Bh2 h5 14. f3 Nxd2 15.
Kxd2 g6 16. Be5 Qxb3 17. axb3 f6 18. Bh2 Kd7 19. e4 fxe4 20. fxe4 dxe4 21. Bxe4
f5 22. Bf3 Ng5 23. Rhf1 Bd6 24. Bxd6 Kxd6 25. h4 Ne6 26. Rfe1 a6 27. Ra5 Nc7
28. Rae5 Rae8 29. Rxe8 Nxe8 30. Ke3 Nc7 31. Kf2 Ne6 32. Rd1 Nc7 33. Re1 Rh7 34.
Kg3 Rf7 35. b4 Rf6 36. Bd1 Re6 37. Rxe6+ Kxe6 38. Kf4 Kf6 39. Bb3 Nd5+ 40. Kf3
Ke7 41. Ba2 Ke6 42. Bb3 Kf6 43. Ba2 g5 44. hxg5+ Kxg5 45. Bb3 h4 46. Ba2 Nc7
47. Bb3 Kf6 48. Kf4 Nd5+ 49. Kf3 Kg6 50. Ba2 Kg5 51. Bb3 b5 52. Ba2 Kf6 53.
Bxd5 cxd5 54. Kf4 Kg6 55. Ke5 Kg5 56. Kxd5 Kf4 57. Ke6 Kg3 58. d5 f4 59. d6 f3
60. gxf3 h3 61. d7 h2 62. d8=Q h1=Q 63. Qg5+ Kf2 64. Qc5+ Ke2 65. Qe5+ Kd2 66.
f4 Kc2 67. Qe2+ Kb3 68. f5 Qh8 69. Qe5 Qe8+ 70. Kd5 Qa8+ 71. Kc5 Kxb2 72. f6 a5
73. bxa5 Qxa5 74. c4+ Kb3 75. cxb5 Qa7+ 76. Kc6 Qa8+ 77. Kd7 Qb7+ 78. Kd8 Qa8+
79. Ke7 Qb7+ 80. Kf8 Qa8+ 81. Qe8 Qf3 82. Kg7 Qg4+ 83. Qg6 Qd7+ 84. f7 1-0